Η Βαλκανική πόλη 15ος - 19ος αιώνας : κοινωνικο-οικονομική και δημογραφική ανάπτυξη

Αποθηκεύτηκε σε:
Λεπτομέρειες βιβλιογραφικής εγγραφής
Κύριος συγγραφέας: Todorov, Nikolai, 1921-2003
Άλλοι συγγραφείς: Αβδελά, Έφη (trlf), Παπαγεωργίου, Γεωργία (trlf)
Μορφή: Βιβλίο
Γλώσσα:Greek
Russian
Δημοσίευση: Αθήνα : Θεμέλιο, 1986.
Σειρά:Ιστορική βιβλιοθήκη (Θεμέλιο (Εταιρεία))
Θέματα:
Ετικέτες: Προσθήκη ετικέτας
Δεν υπάρχουν, Καταχωρήστε ετικέτα πρώτοι!

MARC

LEADER 00000cam a2200000 i 4500
001 1/1789
008 950718s1986 gr | ||| |||| ||gre||
035 |l 10014577 
040 |a GR-MyUa  |b gre   |e AACR2  
041 1 |a gre  |h rus 
082 7 |a 949.6   |2 (22)  
100 1 |a Todorov, Nikolai,   |d 1921-2003. 
245 1 2 |a Η Βαλκανική πόλη 15ος - 19ος αιώνας :   |b κοινωνικο-οικονομική και δημογραφική ανάπτυξη /   |c Νικολάϊ Τοντόροφ ; μετάφραση: Έφη Αβδελά; Γεωργία Παπαγεωργίου.  
260 |a Αθήνα :   |b Θεμέλιο,   |c 1986.  
300 |a 270 σ. ;   |c 21 εκ.  
490 1 |a (Ιστορική βιβλιοθήκη / Θεμέλιο (Εταιρεία))  
650 0 |a City and town life  |z Balkan Peninsula. 
650 0 |a Cities and towns  |z Balkan Peninsula. 
651 0 |a Balkan Peninsula  |x History. 
700 1 |a Αβδελά, Έφη,  |e trlf 
700 0 |a Παπαγεωργίου, Γεωργία,  |e trlf 
830 0 |a Ιστορική βιβλιοθήκη (Θεμέλιο (Εταιρεία)) 
852 |a INST  |b LESVOS  |e 19950718  |h 949.6 TOD  |p 005100005472  |q 005100005472  |t BK  |y 0  |z v.2 
852 |a INST  |b LESVOS  |e 19950718  |h 949.6 TOD  |p 005100005473  |q 005100005473  |t BK  |y 0  |z v.1 
852 |a INST  |b LESVOS  |e 19950718  |h 949.6 TOD  |p 005100007603  |q 005100007603  |t BK  |y 0  |z v.2 
852 |a INST  |b LESVOS  |e 19950718  |h 949.6 TOD  |p 005100007604  |q 005100007604  |t BK  |y 0  |z v.1 
852 |a INST  |b LESVOS  |e 19950718  |h 949.6 TOD  |p 005100005472  |q 005100005472  |t BK  |v v.2:  |y 0  |z v.2 
852 |a INST  |b LESVOS  |e 19950718  |h 949.6 TOD  |p 005100005473  |q 005100005473  |t BK  |v v.1:  |y 0  |z v.1 
852 |a INST  |b LESVOS  |e 19950718  |h 949.6 TOD  |p 005100007603  |q 005100007603  |t BK  |v v.2:  |y 0  |z v.2 
852 |a INST  |b LESVOS  |e 19950718  |h 949.6 TOD  |p 005100007604  |q 005100007604  |t BK  |v v.1:  |y 0  |z v.1 
853 |a INST  |b LESVOS  |h 949.6 TOD